| 000 | 01174nam a2200373 i 4500 | ||
|---|---|---|---|
| 001 | 44150 | ||
| 003 | ES-MaCES | ||
| 005 | 20130827134710.0 | ||
| 008 | 130827s2013 sp | t 00| 0 spa d | ||
| 017 |
_aAB 77-2013 _bDL |
||
| 020 | _a9788415000969 | ||
| 040 |
_aES-MaCES _bspa _cES-MaCES |
||
| 041 | 1 |
_aspa _hita |
|
| 100 | 1 |
_925150 _aTrentin, Bruno |
|
| 245 | 1 | 3 |
_aLa ciudad del trabajo _b: izquierda y crisis del fordismo _c[autor, Bruno Trentin; trad., José Luis López Bulla] |
| 260 |
_aAlbacete _bBomarzo _c[2013] |
||
| 300 |
_a287 p. _c24 cm |
||
| 500 | _aTraducción de: La città del lavoro | ||
| 500 | _aEd. autorizada por la Fundación 1º de Mayo | ||
| 541 | 0 | _cCompra | |
| 650 | 4 |
_927128 _asocialismo |
|
| 650 | 4 |
_928289 _atrabajo |
|
| 650 | 4 |
_930756 _afuturo del trabajo |
|
| 650 | 4 |
_927269 _asociedad |
|
| 650 | 4 |
_927286 _acambio social |
|
| 650 | 4 |
_927032 _ateoría social |
|
| 650 | 4 |
_927076 _ateoría económica |
|
| 653 | 1 | 0 | _aCiencias Sociales-Políticas |
| 700 | 1 |
_916843 _aLópez Bulla, José Luis _etr. |
|
| 710 |
_93735 _aFundación 1º de Mayo |
||
| 740 | 3 | 2 | _aLa città del lavoro |
| 902 | _aLIB Libro | ||
| 942 |
_2CES _cBK _h7.0. |
||
| 999 |
_c44150 _d44150 |
||